000 01281cam a2200157 4500500
005 20260405004902.0
041 _afre
042 _adc
100 1 0 _aServais, Olivier
_eauthor
245 0 0 _aInculturation et altermondialisation
260 _c2005.
500 _a5
520 _aA form of resistance to the capitalist and liberal project of globalization, the expression “alternative globalization” has in the past few years come to play a large role in the media. This concept of resistance, developed in French-speaking Belgium, has now spread widely abroad. alternative globalization is presented as a synthetic concept, integrating the whole range of movements opposing capitalist globalization and its consequences. This perspective shares some elements with the notion of “inculturation”. In many respects, inculturation seems to us to go hand in hand with the concept of alternative globalization. Thus, despite the different contexts in which they emerged and are used, the two concepts nevertheless allow us to glimpse in miniature their underlying logic and common positions.
786 0 _nLumen Vitae | Volume LX | 1 | 2005-01-01 | p. 67-78 | 0024-7324
856 4 1 _uhttps://shs.cairn.info/revue-lumen-vitae-2005-1-page-67?lang=fr&redirect-ssocas=7080
999 _c2079160
_d2079160